LEADER 00864nam0-2200325---450- 001 990008416690403321 005 20110913151812.0 010 $a0-300-10680-7 035 $a000841669 035 $aFED01000841669 035 $a(Aleph)000841669FED01 035 $a000841669 100 $a20061110d2005----km-y0itay50------ba 101 0 $aeng 102 $aUS 105 $aa-------001yy 200 1 $aRealist vision$fPeter Brooks 210 $aNew Haven$cYale University Press$dc2005 215 $a255 p.$cill.$d25 cm 610 0 $aRealismo in letteratura 676 $a809.912 700 1$aBrooks,$bPeter$0184498 801 0$aIT$bUNINA$c20061110$gRICA$2UNIMARC 901 $aBK 912 $a990008416690403321 952 $a809.912 BRO 1$fFLFBC 952 $a809.912 BRO 1BIS$fFLFBC 959 $aFLFBC 996 $aRealist vision$9725814 997 $aUNINA LEADER 01572nam 2200457Ia 450 001 9910699958403321 005 20110420084559.0 035 $a(CKB)5470000002406372 035 $a(OCoLC)700072438 035 $a(EXLCZ)995470000002406372 100 $a20110202d2010 ua 0 101 0 $aeng 135 $aurmn||||||||| 181 $ctxt$2rdacontent 182 $cc$2rdamedia 183 $acr$2rdacarrier 200 10$aGeneration of requirements for simulant measurements$b[electronic resource] /$fC.M. Schrader, and J.E. Edmunson, D.L. Rickman 210 1$aHuntsville, Ala. :$cNational Aeronautics and Space Administration, Marshall Space Flight Center,$d[2010] 215 $a1 online resource (17 pages) $cillustrations 225 1 $aNASA/TM ;$v2010-216445 300 $aTitle from title screen (viewed on Feb. 2, 2011). 300 $a"September 2010." 320 $aIncludes bibliographical references (page 17). 606 $aFigure of merit$2nasat 606 $aGeotechnical engineering$2nasat 606 $aLunar rocks$2nasat 606 $aRegolith$2nasat 615 7$aFigure of merit. 615 7$aGeotechnical engineering. 615 7$aLunar rocks. 615 7$aRegolith. 700 $aSchrader$b C. M$01389234 701 $aEdmunson$b J. E$01389235 701 $aRickman$b D. L$01389236 712 02$aGeorge C. Marshall Space Flight Center. 801 0$bGPO 801 1$bGPO 906 $aBOOK 912 $a9910699958403321 996 $aGeneration of requirements for simulant measurements$93440512 997 $aUNINA